| 000 | 01452cam a2200361 a 4500 | ||
|---|---|---|---|
| 001 | 15344040 | ||
| 003 | OSt | ||
| 005 | 20220205151550.0 | ||
| 008 | 080625s2009 njua b 001 0 eng | ||
| 010 | _a 2008027917 | ||
| 020 | _a9780691120348 (hardcover : alk. paper) | ||
| 020 | _a069112034X (hardcover : alk. paper) | ||
| 020 | _a9780691120355 (pbk. : alk. paper) | ||
| 020 | _a0691120358 (pbk. : alk. paper) | ||
| 035 | _a(OCoLC)ocn231586808 | ||
| 038 | _awaseem | ||
| 040 |
_aDLC _cDLC _dBTCTA _dBAKER _dYDXCP _dC#P _dBWX _dCDX _dGZM _dUBA _dDLC |
||
| 050 | 0 | 0 |
_aHB139 _b.A54 2009 |
| 082 | 0 | 0 |
_a330.01/5195 _222 |
| 100 | 1 |
_aAngrist, Joshua David. _988813 |
|
| 245 | 1 | 0 |
_aMostly harmless econometrics : _ban empiricist's companion / _cJoshua D. Angrist and Jörn-Steffen Pischke. |
| 260 |
_aPrinceton : _bPrinceton University Press, _cc2008. |
||
| 300 |
_axiii, 274 p. : _bill. ; _c22 cm. |
||
| 504 | _aIncludes bibliographical references (p. [339]-359) and index. | ||
| 563 | _aHBK. | ||
| 650 | 0 |
_aEconometrics. _988814 |
|
| 650 | 0 |
_aRegression analysis. _988815 |
|
| 700 | 1 |
_aPischke, Jörn-Steffen. _988816 |
|
| 856 | 4 | 1 |
_3Table of contents only _uhttp://www.loc.gov/catdir/toc/ecip0823/2008027917.html |
| 906 |
_a7 _bcbc _corignew _d1 _eecip _f20 _gy-gencatlg |
||
| 942 |
_2ddc _cBK |
||
| 999 |
_c3268 _d3268 |
||